Three Letter Chain - Statistics

General Stats
  • This quiz has been taken 97 times
  • The average score is 14 of 15
Answer Stats
Hint Answer % Correct
Opposite to women Men
100%
Not wet Dry
99%
Sound of a cow? Moo
96%
Tree that has acorns Oak
96%
Holds back a river Dam
94%
Obtain Get
94%
Oink Oink Pig
94%
Manually propels a boat Oar
90%
When you are angry you see ____ Red
90%
Noise to make when surprising someone Boo
86%
Crazy? Mad
86%
First name of UK singers Wilde and Appleby Kim
85%
First name of Welsh singer Jones Tom
85%
Noise of a small dog? Yap
84%
Tip of a fountain pen Nib
79%
No matching quizzes found
Score Distribution
Percent of People with Each Score
Percentile by Number Answered
Your Score History
You have not taken this quiz